00825 2200277 4500001002100000005001500021035002500036008004100061020002200102040001700124082001500141084001700156100003700173245009600210260003300306300003700339650002300376700002400399850001200423007000300435090002100438090002200459999002200481990002200503990002200525INLIS00000000000580320200520104033 a0010-051500000000936150528s2014 yoia g ind d a978-979-29-4246-0 aYOPDYOGbind04222a028.55 a028.55 ELI t0 aElisabeth Rahayu Prasetyaningsih00aTamasya ke hutan ajaib /cElisabeth Rahayu Prasetyaningsih; penyunting, Sisilia Triana Dewi3 aYogyakarta :bRainbow,c2014 a32 halaman :bilustrasi ;c28 cm 4aBacaan kanak-kanak0 aSisilia Triana Dewi aYOPDYOGta aDEP 028.55 ELI t aCB-D.11 2014-1233 aCB-D.11/2014-1233 aCB-D.11/2014-1233 aCB-D.11/2014-1233